000 01487nam a2200301 i 4500
001 000000436
003 DO-SdBNP
005 20230920140649.0
007 ta
008 081212s1994 dr 000 0 spa d
040 _aDO-SdBNP
_bspa
_cBNPHU
082 _a461
_bG216o
_222
100 _aBartolo García Molina
_981995
_eautor
245 1 0 _aOrtografía inferencial y operativa /
_cBartolo García Molina ; revisión y corrección, Ramón Morel ; corrección didáctica y de estilo, Míriam Gutiérrez.
264 _aSanto Domingo :
_bBúho,
_c1994.
300 _a263 paginas ;
_c22 cm.
336 _2rdacontent
_atexto
_btxt
337 _2rdamedia
_asin mediación
_bn
338 _2rdacarrier
_avolumen
_bnc
505 2 _aPrólogo -- Introducción -- Orígines de la faltas ortográficas -- La acentuación -- Uso de las mayúsculas -- Inferencias sobre B-V -- Inferencias sobre G-J -- Inferencias sobre S-C-Z -- Inferencias sobre LL-Y -- Inferencias sobre la H -- Inferencias sobre la X -- Los nombre propios -- Ortografía sintagmática (la concordancia) -- Los verbos irregulares -- Ortografía sintagmática (los signos de puntuación) -- Temas teóricos prácticos de ortografía -- Autoevaluación general -- Bibliografía.
590 _aInventariado, 2023/DG
650 4 _aEspañol
_xOrtografía
_91453
650 4 _aEspañol
_xOrtografía
_xEnseñanza
_91228
700 1 _aMorel, Ramón,
_91454
700 1 _aGutiérrez, Míriam,
_91455
910 _aDG
942 _2ddc
_cLBS1
999 _c54862
_d54862